| 000 | 00379nam a2200145Ia 4500 | ||
|---|---|---|---|
| 005 | 20251222153623.0 | ||
| 008 | 251222s9999||||xx |||||||||||||| ||spa|| | ||
| 020 | _a99725141227 | ||
| 082 | _a323.042/R39 | ||
| 100 | _aRemy S., María Isabel | ||
| 245 | 0 | _aLos Múltiples Campos de la Participación Ciudadana en el Perú: | |
| 250 | _a1ra. ed. | ||
| 264 | _bIEP | ||
| 942 | _cLIB | ||
| 999 |
_c32052 _d32052 |
||